Famous Birthplaces #1 - Statistics

General Stats
  • This quiz has been taken 48 times
  • The average score is 13 of 17
Answer Stats
Hint Answer % Correct
Honolulu, Hawaii, USA Barack Obama
98%
Buenos Aires, Argentina Pope Francis
93%
Salzburg, Austria Wolfgang Amadeus Mozart
93%
Bonn, Germany Ludwig van Beethoven
91%
Pretoria, South Africa Elon Musk
88%
Liverpool, England, UK Paul McCartney
88%
Warsaw, Poland Marie Curie
84%
Stone Town, Zanzibar, Tanzania Freddy Mercury
81%
Budapest, Hungary Harry Houdini
79%
Syracuse, Italy Archimedes
77%
Shrewsbury, England, UK Charles Darwin
74%
Westmoreland County, Virginia, USA George Washington
70%
Larue County, Kentucky, USA Abraham Lincoln
67%
Athens, Greece Plato
67%
Charlestown, St. Kitts and Nevis Alexander Hamilton
65%
Chicago, Illinois, USA Pope Leo XIV
51%
Boston, Massachusetts, USA Edgar Allan Poe
49%
No matching quizzes found
Score Distribution
Percent of People with Each Score
Percentile by Number Answered
Your Score History
You have not taken this quiz